LEADER 01087nam a2200277 u 4500 001 000000053736 003 CaOOAMICUS 005 20070226115608.0 008 001121s1968 it u000 u ita u 035 $a10861935 040 $aPUL(R)$bita 041 1 $aita$hlat 100 1 $aBacon, Francis,$d1561-1626.$0(OLS)http://pul/name/5096 240 10$aNovum organum$9(Bacon, Francis, 1561-1626).$lItaliano.$0(OLS)http://pul/title/72070 245 10$aNovum organum /$cFrancesco Bacone ; a cura di Enrico De Mas. 260 $aRoma :$bLaterza,$c1968. 300 $axxiii, 281 p. ;$c21 cm 490 1 $aUniversale Laterza ;$v84 700 1 $aDe Mas, Enrico.$0(OLS)http://pul/name/9889 830 0$aUniversale Laterza ;$v84.$0(OLS)http://pul/title/569 850 $aPUL 852 $aPUL$W1$xDP1 Fondo Giannini$y60$m1556 C 11$j70846$nBK-PRI$b $qFondi$B70846$CPULBib$Z2$F70846 $H $81 941 1 $a1 961 $aINV: F. Giannini 996 $6245$aNovum organum$9(OLS)http://pul/title/72071 996 $6260$aRoma :$bLaterza$9(OLS)http://pul/publisher/47864 LEADER 01203nam a2200301 a 4500 001 000000135465 003 CaOOAMICUS 005 20130926113936.0 008 130926s2012 it u000 u ita r 020 $a978-88-372-2674-9 040 $aPUL$bita 082 04$a235.3 100 1 $aZucal, Silvano.$0(OLS)http://pul/name/15105 245 12$aL'Angelo nel pensiero contemporaneo /$cSilvano Zucal. 260 $aBrescia :$bMorcelliana,$cİ2012. 300 $a583 p. ;$c21 cm. 490 1 $aFilosofia. Testi e studi ;$v40 504 $aInclude riferimenti bibliografici e indice. 650 4$aAngeli.$0(OLS)http://pul/subject/1404 830 0$aFilosofia (Morcelliana)$pTesti e Studi ;$v40.$0(OLS)http://pul/title/148210 850 $aPUL 852 $aPUL$W1$xSL Religione 3$y85$m235. 3 ZUCSI 1$j156211$qDDC 21$B155577$CPULBib$Z2$F155577 $H122862 $82 941 1 $a9 996 $6020$a978-88-372-2674-9$9(OLS)http://pul/number/153553 996 $6082$a235.3$9(OLS)http://pul/classification/2314 996 $6245$aL'Angelo nel pensiero contemporaneo$9(OLS)http://pul/title/171290 996 $6260$aBrescia :$bMorcelliana$9(OLS)http://pul/publisher/47854